Toxic Fandoms and Communities Quiz - Statistics

General Stats
  • This quiz has been taken 65 times
  • The average score is 5 of 11
Answer Stats
Hint Community/Fandom % Correct
This social media site is a gift from the 7th circle of Hell, and is notorious for being the worst thing to ever have been used by humanity. Birds enjoy flying here. Twitter
81%
This dying social media site is popular amongst many left-wing activists and is notorious for the disproportionate amount of sensitivity among the userbase, which has been falling steadily since the mid-late 2010s. This community was publicly revealed during the Steven Universe Sabotage of 4chan. Tumblr
66%
Fans of this singer have known to be hostile towards anyone who disapproves of her jelly, being called too "bootylicious" on some accounts. SNL had a sketch called "The Beygency", which is a dystopian future where criticizing her in the slightest is a death sentence. Beyoncé
59%
This type of television is one that is commonly worshiped to an unhealthy extent by people who have a very strong appreciation for products and culture originating in the land of the rising sun. Anime
57%
Mostly having died out since 2014, this almost nonexistent fandom was mostly comprised of young girls who would admonish and crush heavily on this singer who was born in the Dominion of Canada. Beliebers
48%
These dueling communities are ones that put way too much passion into supporting one or the other of a pair of brothers who have rose to prominence on YouTube since moving to LA from Ohio. These communities were most active in 2017. Logang
48%
Null Jake Paulers
47%
This fandom is found online, on the video hosting platform YouTube, being most popular among younger children who watch a certain man play a low-graphics block motion adventure game. Dream Stans
43%
This community is commonly found on the former, and spends a lot of their time and devotion towards a certain group of similar sounding music groups found in the Orient. KPOP Stans/BTS Army
28%
This gaming fandom has become a meme due to its association with its members being groomers or generally creepy and hostile. Persona 5
7%
This "militia" is one that is mostly comprised of young men, and was most active in late 2018 and early 2019 in efforts to hold off Indian forces from overtaking the Swedish. Brofist Army
3%
No matching quizzes found
Score Distribution
Percent of People with Each Score
Percentile by Number Answered
Your Score History
You have not taken this quiz